|
|
|
|
| LEADER |
01392nam a2200397 a 4500 |
| 001 |
EBC449533 |
| 003 |
MiAaPQ |
| 005 |
20200520144314.0 |
| 006 |
m o d | |
| 007 |
cr cn||||||||| |
| 008 |
060808s2006 enk fsb 001 0 eng d |
| 010 |
|
|
|z 2006279997
|
| 015 |
|
|
|a GBA565484
|2 bnb
|
| 016 |
7 |
|
|z 013265596
|2 Uk
|
| 020 |
|
|
|z 1843921685 (hbk.)
|
| 020 |
|
|
|z 9781843921684
|
| 035 |
|
|
|a (MiAaPQ)EBC449533
|
| 035 |
|
|
|a (Au-PeEL)EBL449533
|
| 035 |
|
|
|a (CaPaEBR)ebr10305930
|
| 035 |
|
|
|a (CaONFJC)MIL420113
|
| 035 |
|
|
|a (OCoLC)609842336
|
| 040 |
|
|
|a MiAaPQ
|c MiAaPQ
|d MiAaPQ
|
| 050 |
|
4 |
|a HF5549.5.E43
|b W33 2006
|
| 082 |
0 |
4 |
|a 658.473
|2 22
|
| 100 |
1 |
|
|a Waddington, P. A. J.
|
| 245 |
1 |
4 |
|a The violent workplace
|h [electronic resource] /
|c P.A.J. Waddington, Doug Badger and Ray Bull.
|
| 260 |
|
|
|a Cullompton, UK ;
|a Portland, Or. :
|b Willan,
|c c2006.
|
| 300 |
|
|
|a xii, 204 p.
|
| 504 |
|
|
|a Includes bibliographical references (p. 184-196) and index.
|
| 533 |
|
|
|a Electronic reproduction. Ann Arbor, MI : ProQuest, 2015. Available via World Wide Web. Access may be limited to ProQuest affiliated libraries.
|
| 650 |
|
0 |
|a Violence in the workplace.
|
| 655 |
|
4 |
|a Electronic books.
|
| 700 |
1 |
|
|a Badger, Douglas.
|
| 700 |
1 |
|
|a Bull, Ray.
|
| 710 |
2 |
|
|a ProQuest (Firm)
|
| 856 |
4 |
0 |
|u https://ebookcentral.proquest.com/lib/matrademy/detail.action?docID=449533
|z Click to View
|